Culturas mediáticas: teoría social y comunicación masiva

Salvato in:
Dettagli Bibliografici
Autore principale: Stevenson, Nick (Autore)
Natura: Libro
Lingua:spagnolo
Pubblicazione: Buenos Aires Amorrortu Editores S. A 1995
Soggetti:
Tags: Aggiungi Tag
Nessun Tag, puoi essere il primo ad aggiungerne!!

MARC

LEADER 00000cam a2200000 a 4500
001 UCF8179
003 CL-VaPUC
008 130802e19950000ag |||||||||||||||||spa|d
020 |a 9505186517 
082 0 4 |a 302.23  |b STE  |2 21 
100 0 |a Stevenson, Nick  |e author  |9 570263 
245 1 0 |a Culturas mediáticas: teoría social y comunicación masiva 
300 |a 345 p 
942 |c BK 
945 |d 20130802 12:08:00  |a dcastane 
260 |a Buenos Aires  |b Amorrortu Editores S. A  |c 1995 
650 7 |a COMUNICACION DE MASAS  |2 CL-VaPUC  |9 334823 
650 0 |a Medios de comunicación de masas  |9 257273 
583 |a last modification  |c 20130802 12:08:00  |k Rodrigo Vera 
999 |c 352814  |d 352812 
952 |0 0  |1 0  |4 0  |6 302_230000000000000_STE_1995  |7 0  |8 A  |9 457489  |a BIBEDU  |b BIBEDU  |d 2019-11-22  |i 4992555  |o 302.23 STE 1995  |p 4992555  |r 2019-11-22  |w 2019-11-22  |y BK  |k LIT